000 00286nam a22001337a 4500
008 171005b xxu||||| |||| 00| 0 eng d
020 _a9780078127571
041 _aeng
080 _a159.9
100 _a48
101 _aPSI
245 _aTAKING SIDES
_cCAMPO, D.S.D
942 _2udc
_cBK
999 _c31831
_d31831